000
00310nam a22001217a 4500
003
OSt
008
230111b |||||||| |||| 00| 0 eng d
041
_a
eng
082
_a
630.7076
_b
IND/QU
100
_a
ICAR
_9
2054
245
_a
Question papers Twelfth agricultural research service examination 1994
942
_c
BK
999
_c
17611
_d
17611